000
00332 a2200157 4500
001
189669
020
_a
85-08-06912-X
040
_c
Magnum
100
_a
Junqueira, Sonia
240
1
0
_a
Regina e o mágico
_l
por
245
1
0
_a
Regina e o mágico
300
_a
23
362
0
_a
1998
697
_a
LITERATURA INFANTIL
942
_c
BK
999
_c
189669
_d
189669